横浜駅から出ている最も多い行き先 - Statistics

General Stats
  • This quiz has been taken 95 times
  • The average score is 11 of 16
Answer Stats
Question Answer % Correct
JR京浜東北線・根岸線 (北行) 大宮
99%
横浜市営ブルーライン(南行) 湘南台
94%
横浜高速鉄道みなとみらい線 元町・中華街
94%
横浜市営ブルーライン(北行) あざみ野
93%
JR横浜線 八王子
91%
JR京浜東北線・根岸線 (南行) 大船
85%
相鉄本線 海老名
77%
JR横須賀線 (上り) 千葉
75%
東急東横線 和光市
72%
京急本線(上り) 品川
70%
JR東海道本線 (下り) 熱海
52%
JR湘南新宿ライン (南行) 逗子
50%
JR横須賀線 (下り) 久里浜
41%
JR湘南新宿ライン (北行) 宇都宮
34%
JR東海道本線(上野東京ライン) (上り) 高崎
33%
京急本線(下り) 浦賀
30%
No matching quizzes found
Score Distribution
Percent of People with Each Score
Percentile by Number Answered
Your Score History
You have not taken this quiz